| 000 | 01197nam0a22002531 4500 | ||
|---|---|---|---|
| 001 | rc\839961 | ||
| 005 | 20250622012408.0 | ||
| 035 | _a(NLR Aleph) 006021503 | ||
| 090 |
_a7432828 _c7432828 |
||
| 100 | _a20041129d1984 |||y0rusy50 ca | ||
| 101 | 0 | _arus | |
| 102 | _aRU | ||
| 105 | _ay ||||||||| | ||
| 200 | 1 |
_aМетодика по определению норм продолжительности освоения проектных мощностей и экономических показателей вводимых в действие предприятий рыбной промышленности _fЦНИИ информ. и техн.-экон. исслед. рыб. хоз-ва _g[Принимали участие Ниточкина С.В. и др.] |
|
| 210 |
_aМ. _cЦНИИТЭИРХ _d1984 |
||
| 215 |
_a50 с. _d20 |
||
| 320 | _aБиблиогр.: с. 50 (10 назв.) | ||
| 702 | 1 |
_aНиточкина _bС.В. _4570 |
|
| 712 | 0 | 2 |
_aЦНИИ информации и техн.-экон. исследований рыбного хозяйства _cМосква |
| 801 | 0 |
_aRU _bNLR _gpsbo |
|
| 801 | 1 |
_aRU _bELAR _2rusmarc |
|
| 852 |
_aNLR _j84-4/15499 |
||
| 942 | _cBOOK | ||
| 980 | _aNB | ||